Summit EÚ akceptoval výsledky konventu

Summit EÚ v júni 2003 o budúcej ústave únie, na ktorý nadviazal summit západný Balkán. Návrh ústavnej zmluvy. Táto by mala dať EÚ právnu subjektivitu a nahradiť existujúcu zmluvnú základňu vzťahov medzi členskými krajinami. Azylová politika. Balkán patrí do EÚ.

Guardado en:
Detalles Bibliográficos
Autor principal: Schönwiesner, Roman
Formato: Capítulo de libro
Lenguaje:eslovaco
Materias:
Etiquetas: Agregar Etiqueta
Sin Etiquetas, Sea el primero en etiquetar este registro!

MARC

LEADER 00000naa a2200000 4500
001 r049203
005 20230921115132.0
041 0 |a slo 
044 |a SK 
245 1 0 |a Summit EÚ akceptoval výsledky konventu  |c Roman Schönwiesner 
520 |a Summit EÚ v júni 2003 o budúcej ústave únie, na ktorý nadviazal summit západný Balkán. Návrh ústavnej zmluvy. Táto by mala dať EÚ právnu subjektivitu a nahradiť existujúcu zmluvnú základňu vzťahov medzi členskými krajinami. Azylová politika. Balkán patrí do EÚ. 
610 2 0 |a Európska únia 
610 2 0 |a ústava 
610 2 0 |a subjektivita právna 
610 2 0 |a politika azylová 
610 2 0 |a Balkán 
610 2 0 |a summity 
610 2 0 |a 2003 
100 1 |a Schönwiesner, Roman